000 00814nam a2200157 a 4500
008 120416s1990 ||||||||||||||||| || u
050 _aHD 6953 But
100 _aRutabanzibwa-Ngaiza, Jean
245 1 0 _aParticipation and development in Eastern and Southern Africa
260 _aCanada
_bI.D.R.C
_c1990
350 _a0.00
700 _aButegwa, Frolence
995 _D0.00
_FCBU-MAIN LIBRARY (Kitwe)
_H1
_I30.00
_M1
_UAVAILABLE
_ZZambiana Collection
995 _D0.00
_FCBU-MAIN LIBRARY (Kitwe)
_H2
_I30.00
_M2
_UAVAILABLE
_ZAnnex Low-Usage Collection
995 _D0.00
_FCBU-MAIN LIBRARY (Kitwe)
_H1
_I0.00
_M3
_UAVAILABLE
_WOct 1, 2007
_ZZambiana Collection
999 _c81745
_d81745